000 01232nam a2200229Ia 4500
003 Ost
005 20260416102400.0
008 260416s9999||||xx |||||||||||||| ||und||
040 _cfsecg
041 _aara
082 _a657.95
100 _aبن الصالح، بوجمعة
_eمؤلف
245 0 _a محاضرات في مقياس محاسبة الشركات :
_bمقدمة لطلبة الليسانس تخصص محاسبة و جباية محاسبة و مراجعة /
_cبوجمعة بن الصالح
260 _aالجزائر
_bجامعة الجزائر3: كلية العلوم الإقتصادية، العلوم التجارية وعلوم التسيير
_c2022
300 _a131 ورقة
_bايضاحات
_c12 سم
504 _aمراجع
520 _aمدخل لمحاسبة الشركات،محاسبة تأسيس الشركات، عملية توزيع النتيجة،العمليات الواقعة على رأس المال، تصفية الشركات.
653 _aالشركات-محاسبة
653 _aالمحاسبة
710 _aجامعة الجزائر3: كلية العلوم الإقتصادية، العلوم التجارية وعلوم التسيير
_eناشر علمي
942 _cHANDOUT
999 _c41379
_d41379